| 000 | 00408nam a2200121Ia 4500 | ||
|---|---|---|---|
| 008 | 170224s9999 xx 000 0 und d | ||
| 245 | _a“Whether I like it or not, it’s important”: Implicit importance of means predicts self-regulatory persistence and success. | ||
| 260 | _bJournal of Personality and Social Psychology | ||
| 260 | _c2016 | ||
| 300 | _a110:6 | ||
| 500 | _aJune | ||
| 650 | _xPsychology. | ||
| 999 |
_c316334 _d316334 |
||